000
00308nam a22001217a 4500
040
_c
SK
082
_a
349
100
_a
សិរី ម៉ារឌី
245
_a
English; ភាសាអង់គ្លេស (ឆមាសទី២)
260
_a
RUA
_b
សិរី
_c
2008
300
_a
45p.
942
_c
KB
999
_c
10255
_d
10255